Možnosti využitia Európskych rozvojových programov
Komunitárne programy MSP pre roky 2014-2020. Malé a stredné podniky v Horizonte 2020 a COSME. Fázy financovania projektov. Kritériá na získanie financií v Horizonte. Formy financovania - štandardné a alternatívne finančné zdroje. Rozdelenie projektov podľa prioritných osí. Prehľad podpísaných projek...
Enregistré dans:
| Auteur principal: | |
|---|---|
| Autres auteurs: | |
| Format: | Chapitre de livre |
| Langue: | slovaque |
| Sujets: | |
| Tags: |
Pas de tags, Soyez le premier à ajouter un tag!
|
MARC
| LEADER | 00000nla a2200000 4500 | ||
|---|---|---|---|
| 001 | 0221292 | ||
| 005 | 20240502073633.4 | ||
| 041 | 0 | |a slo | |
| 044 | |a SK | ||
| 245 | 1 | 0 | |a Možnosti využitia Európskych rozvojových programov |c Alexander Tarča, Matej Čuchran |
| 520 | |a Komunitárne programy MSP pre roky 2014-2020. Malé a stredné podniky v Horizonte 2020 a COSME. Fázy financovania projektov. Kritériá na získanie financií v Horizonte. Formy financovania - štandardné a alternatívne finančné zdroje. Rozdelenie projektov podľa prioritných osí. Prehľad podpísaných projektov podľa prioritných osí. | ||
| 610 | 2 | 0 | |a projekty medzinárodné |
| 610 | 2 | 0 | |a programy rozvojové |
| 610 | 2 | 0 | |a Európska únia |
| 610 | 2 | 0 | |a Slovensko |
| 610 | 2 | 0 | |a financovanie projektové |
| 100 | 1 | |a Tarča, Alexander | |
| 700 | 1 | |a Čuchran, Matej | |